Revue internationale des sciences sociales

Guardado en:
Detalles Bibliográficos
Formato: Seriadas
Lenguaje:francés
Publicado: Paris UNESCO 1976
Etiquetas: Agregar Etiqueta
Sin Etiquetas, Sea el primero en etiquetar este registro!

MARC

LEADER 00000nas2a2200000 4500
001 0019025
005 20250730114402.9
041 0 |a fre 
044 |a FR 
245 1 0 |a Revue internationale des sciences sociales 
264 1 |a Paris  |b UNESCO  |c 1976 
300 |a 1 zv. 
773 0 |w eu_un_cat*s124988